000 00572nam a2200181Ia 4500
008 090123s9999 xx 000 0 und d
082 _b33607
100 _aकुलकर्णी कुमार
245 _aलहरी हवामान
250 _a1
260 _bग्रंथाली प्रकाशन
_c2002
300 _a73
600 _aकुलकर्णी कुमार
630 _aलहरी हवामान
700 _aकुलकर्णी कुमार
730 _aलहरी हवामान
942 _cBOOK
999 _c71666
_d71666